[Event "Jastrzebie Zdroj op 4th"]
[Site "Jastrzebie Zdroj"]
[Date "2021.11.10"]
[Round "5"]
[White "Lajdamik, Kinga"]
[Black "Ziebura, Paulina"]
[Result "1/2-1/2"]
[WhiteElo "1307"]
[BlackElo "1559"]
[PlyCount "59"]
[EventDate "2021.11.07"]
[EventType "swiss"]
[EventRounds "9"]
[EventCountry "POL"]
[SourceTitle "CBM 205 Extra"]
[Source "ChessBase"]
[SourceDate "2022.01.31"]
[SourceVersion "1"]
[SourceVersionDate "2022.01.31"]
[SourceQuality "1"]

1. e4 e5 2. Nf3 Nc6 3. Bb5 Bc5 4. 0-0 Nge7 5. c3 a6 6. Ba4 0-0 7. d4 exd4 8. cxd4 Ba7 9. d5 b5 10. dxc6 bxa4 11. cxd7 Qxd7 12. Qc2 Qc6 13. Qxc6 Nxc6 14. a3 Bg4 15. Nbd2 Bxf3 16. Nxf3 Nd4 17. Nxd4 Bxd4 18. Rb1 Rad8 19. Kh1 Bxf2 20. Bg5 f6 21. Rxf2 fxg5 22. Rxf8+ Kxf8 23. Kg1 Rd2 24. Kf1 Ke7 25. Rc1 Kd7 26. Rc4 Rxb2 27. Rxa4 h6 28. Rc4 Rb1+ 29. Kf2 Rb2+ 30. Kf1 1/2-1/2